6 zákonov podnikateľského úspechu
Saved in:
| Main Author: | |
|---|---|
| Other Authors: | |
| Format: | Book |
| Language: | Slovak |
| Published: |
Žilina
AJFA+AVIS
1995
|
| Edition: | 1. vyd. |
| Series: | Tajomstvo vyšších ziskov
5 |
| Subjects: | |
| Tags: |
No Tags, Be the first to tag this record!
|
MARC
| LEADER | 00000nam a2200000 4500 | ||
|---|---|---|---|
| 001 | c013154 | ||
| 005 | 20221214072501.0 | ||
| 020 | |a 80-88813-02-6 | ||
| 041 | 0 | |a slo | |
| 044 | |a SK | ||
| 245 | 1 | 0 | |a 6 zákonov podnikateľského úspechu |c Herbert N. Casson ; [Z angl. prel.] Wanda Kochelková |
| 250 | |a 1. vyd. | ||
| 264 | 1 | |a Žilina |b AJFA+AVIS |c 1995 | |
| 300 | |a 105 s. | ||
| 490 | 1 | |a Tajomstvo vyšších ziskov |v 5 | |
| 830 | 0 | |a Tajomstvo vyšších ziskov |v 5 | |
| 610 | 2 | 0 | |a podnikanie |
| 610 | 2 | 0 | |a podnik |
| 610 | 2 | 0 | |a rozvoj podniku |
| 610 | 2 | 0 | |a zisk podnikateľský |
| 610 | 2 | 0 | |a úspech pracovný |
| 100 | 1 | |a Casson, Herbert N. | |
| 700 | 1 | |a Kochelková, Wanda | |